ראשי הממשלה של ישראל | Prime Ministers of Israel in Hebrew - Statistics

General Stats
  • This quiz has been taken 38 times
  • The average score is 11 of 14
Answer Stats
ראש ממשלה מפלגה קדנציה % Correct
יצחק רבין העבודה 1974–1977, 1992–1995
100%
יאיר לפיד יש עתיד 2022
95%
נפתלי בנט הימין החדש 2021–2022
95%
בנימין נתניהו ליכוד 1996–1999, 2009–2021, 2022–
95%
שמעון פרס העבודה 1984–1986, 1995–1996
91%
דוד בן-גוריון מפא"י 1955–1963, 1948–1954
91%
מנחם בגין ליכוד 1977–1983
86%
גולדה מאיר העבודה 1969–1974
86%
אהוד אולמרט קדימה 2006–2009
73%
אהוד ברק העבודה 1999–2001
68%
יצחק שמיר ליכוד 1983–1984, 1986–1992
68%
אריאל שרון ליכוד/קדימה 2001–2006
64%
לוי אשכול מפא"י/העבודה 1963–1969
64%
משה שרת מפא"י 1954–1955
50%
No matching quizzes found
Score Distribution
Percent of People with Each Score
Percentile by Number Answered
Your Score History
You have not taken this quiz